000 00627nam a2200157 4500
003 NUST
005 20220825110029.0
020 _a9781787384620
082 _a355.00285,PAY
100 _aPayne, Kenneth
_998500
245 _aI Warbot :
_bThe Dawn of artificial intelligent /
_cKenneth Payne
260 _6Hurst
_bLondon
_c2021
300 _a321 p
505 _aIntroduction a call to arms (Page-1), How to build a warbot (Page-21), Deep warbots (Page-57), i-Battle is joind (Page-81), Minds make strategy (Page-137), The art of i-War (Page-165), Human machine teams (Page-181), Rules for warbots (Page-219),
942 _2ddc
_cBK
999 _c591319
_d591319